000 00643nam a22002177a 4500
003 UA-OsUOA
001 83012
007 ta
008 20120327b un ||||| |||| 00| 0 ukr d
100 _aБаркалова І.М.
090 _a94
_bБ25
942 _cSA
040 _aUA-OsUOA
_bukr
_cUA-OsUOA
_dUA-OsUOA
245 _aФормування економічної політики Німеччини в контексті політичних змін у 1950-і рр.
300 _aС.7-11
955 _a0
041 _aukr
080 _a94
773 0 _w83011
650 7 _a9 Географія. Біографії. Історія
_2UDC
999 _c369348
_d369348